Loading...
| History - American History | 1 | 7 | 1 | 1 | 80 | 49 | 85.50 | 8 | 8 |
| History - World History | 1 | 5 | 0 | 0 | 65 | 26 | 68.00 | 6 | 6 |
| Philosophy | 0 | 5 | 0 | 3 | 50 | 110 | 125.00 | 4 | 5 |
| History - Other History | 0 | 5 | 0 | 0 | 50 | 37 | 76.40 | 5 | 5 |
| Religion | 1 | 2 | 0 | 0 | 35 | 72 | 80.00 | 3 | 3 |
| Fine Arts - Visual Fine Arts | 0 | 3 | 0 | 0 | 30 | 107 | 120.33 | 2 | 3 |
| Other Academic | 0 | 2 | 0 | 0 | 20 | 101 | 105.00 | 1 | 2 |
| History - European History | 1 | 1 | 1 | 0 | 20 | 48 | 63.50 | 2 | 2 |
| Literature - World Literature | 0 | 2 | 1 | 0 | 15 | 128 | 134.00 | 2 | 2 |
| Mythology | 0 | 1 | 0 | 0 | 10 | 91 | 91.00 | 1 | 1 |
| Literature - British Literature | 0 | 2 | 2 | 0 | 10 | 98 | 103.00 | 1 | 2 |
| Social Science | 0 | 1 | 1 | 0 | 5 | 104 | 104.00 | 1 | 1 |
| Fine Arts - Other Fine Arts | 0 | 1 | 1 | 0 | 5 | 142 | 142.00 | 1 | 1 |